00665nam a2200181Ia 4500008004100000082001500041100003400056245012400090260003700214300001500251520001100266650002100277650001900298700003100317942001300348999001900361952010300380230925s9999||||xx |||||||||||||| ||und|| a621.31 KHA aKhan, Salman (328964)9118262 0aEffect of Temperature and Water on the Aging Characteristics of Novel High Voltage Polyamide Nanocomposite insulators / bUSPCAS-E, NUST,Islamabad :c2023 axii, 61 p. aTH-482 vMS Thesis918721 vMS-EEP Thesis  aDr. Abraiz Khattak9117724 cTHE2ddc c603229d603229 00102ddc4070aCAS-EbCAS-Ed2023-08-09o621.31 KHApCAS-ETH0000482r2023-09-25w2023-09-25yTHE